Wings from afar : (Registro nro. 1142)

Detalles MARC
000 -CABECERA
Campo de control 01036cam a22002537a 4500
005 - FECHA Y HORA DE LA ULTIMA TRANSACCION
Campo de control 20160126184900.0
008 - ELEMENTOS DE LONGITUD FIJA—INFORMACION GENERAL
Campo de control 960424s1996 vauab 000 0 eng d
020 ## - ISBN
ISBN 1886765030
040 ## - FUENTE DE CATALOGACIÓN
Agencia catalogadora original QPE
Agencia transcriptora QPE
Agencia Modificadora DLC
-- CO-BOIAvH
041 ## - IDIOMA
Código de idioma para texto/pista de sonido o título separado Inglés
044 ## - PAÍS DE PUBLICACIÓN
País de publicación Estados Unidos
082 00 - NUMERO DE CLASIFICACION DECIMAL DEWEY
Número de clasificación 333.95816
Número del ítem R66w
100 1# - ASIENTO PRINCIPAL--NOMBRE PERSONAL
Nombre personal Roca, Roberto Luis
9 (RLIN) 20387
245 10 - MENCION DE TITULO
Título Wings from afar :
Parte restante del título an ecoregional approach to conservation of neotropical migratory birds in South America /
Mención de responsabilidad Roberto Roca ... [et al.].
250 ## - MENCION DE EDICION
Mención de edición Primera edición.
260 ## - PUBLICACION, DISTRIBUCION, ETC. (PIE DE IMPRENTA)
Lugar de publicación, distribución, etc. Arlington, Va. :
Nombre del editor, distribuidor, etc. Nature Conservancy, Latin America and Caribbean Division,
Fecha de publicación, distribución, etc. c1996.
300 ## - DESCRIPCION FISICA
Extensión 180 páginas :
Otros detalles físicos ilustraciones algunas a color, mapas;
Dimensiones 28 centímetros.
504 ## - NOTA DE BIBLIOGRAFIA, ETC.
Nota de bibliografía Incluye referencias bibliográficas (p. 165-173).
650 #0 - ASIENTO SECUNDARIO DE MATERIA - TERMINO TEMATICO
Término temático o nombre geográfico como elemento de entrada Aves
Subdivisión general Migración
Subdivisión geográfica América del Sur
9 (RLIN) 54815
650 #0 - ASIENTO SECUNDARIO DE MATERIA - TERMINO TEMATICO
Término temático o nombre geográfico como elemento de entrada Aves
Subdivisión general Migración
Subdivisión geográfica América del Norte
9 (RLIN) 54816
650 #0 - ASIENTO SECUNDARIO DE MATERIA - TERMINO TEMATICO
Término temático o nombre geográfico como elemento de entrada Aves
Subdivisión general Conservación.
9 (RLIN) 54817
710 2# - ASIENTO SECUNDARIO - NOMBRE CORPORATIVO
Nombre corporativo o de jurisdicción como elemento de entrada Nature Conservancy (U.S.).
Unidad subordinada Latin America and Caribbean Division.
9 (RLIN) 54818
942 ## - ELEMENTOS ADICIONALES (KOHA)
Sistema de clasificación Dewey Decimal Classification
Tipo de ítem Libro
Existencias
Withdrawn status Lost status Sistema de Clasificación Damaged status No para préstamo Colección Inventariado Ubicación Permanente Ubicación actual Fecha de adquisición Fuente de Valor Valor Total Checkouts Número topográfico Inventario / Código de Barras Date last seen Ejemplar Price effective from Tipo de material
    Dewey Decimal Classification     General Inventariado 2017 Bogotá Bogotá 17/04/1999 Instituto 39000.00   LB-333.95816 R66w 001547 04/12/2012 Ej. 1 04/12/2012 Libro
    Dewey Decimal Classification     General Inventariado 2017 Sala Fabio Quevedo Sala Fabio Quevedo 12/03/2014 Instituto 39000.00   LB-333.95 R66w 059959 12/03/2014 Ej. 1 12/03/2014 Libro